Pengenalan kerja konkrit / (Record no. 3744)

000 -LEADER
fixed length control field nam a22 a 4500
003 - CONTROL NUMBER IDENTIFIER
control field AKMAL
005 - DATE AND TIME OF LATEST TRANSACTION
control field 20170523162934.0
008 - FIXED-LENGTH DATA ELEMENTS--GENERAL INFORMATION
fixed length control field 170523s1992 my 00 may d
020 ## - INTERNATIONAL STANDARD BOOK NUMBER
International Standard Book Number 9839585738 (kkt.):
Terms of availability RM 8.00
040 ## - CATALOGING SOURCE
Original cataloging agency AKMAL
082 04 - DEWEY DECIMAL CLASSIFICATION NUMBER
Classification number 666.893 SHI
090 ## - LOCALLY ASSIGNED LC-TYPE CALL NUMBER (OCLC); LOCAL CALL NUMBER (RLIN)
Classification number (OCLC) (R) ; Classification number, CALL (RLIN) (NR) 666.893
Local cutter number (OCLC) ; Book number/undivided call number, CALL (RLIN) SHI
100 1# - MAIN ENTRY--PERSONAL NAME
Personal name Shirley, Donald Emerson
9 (RLIN) 7404
245 10 - TITLE STATEMENT
Title Pengenalan kerja konkrit /
Statement of responsibility, etc. D.E. Shirley ; terjemahan oleh Mohammad bin Ismail
260 ## - PUBLICATION, DISTRIBUTION, ETC.
Place of publication, distribution, etc. Sekudai :
Name of publisher, distributor, etc. Unit Penerbitan, Universiti Teknologi Malaysia,
Date of publication, distribution, etc. 1992
300 ## - PHYSICAL DESCRIPTION
Extent 31ms. :
Other physical details il. ;
Dimensions 30cm
504 ## - BIBLIOGRAPHY, ETC. NOTE
Bibliography, etc. note Bibliografi: ms. 30-31
650 ## - SUBJECT ADDED ENTRY--TOPICAL TERM
Topical term or geographic name entry element Concrete
9 (RLIN) 5694
700 0# - ADDED ENTRY--PERSONAL NAME
Personal name Mohammad bin Ismail
9 (RLIN) 7405
942 ## - ADDED ENTRY ELEMENTS (KOHA)
Source of classification or shelving scheme
Koha item type Book
Holdings
Withdrawn status Lost status Source of classification or shelving scheme Damaged status Not for loan Collection code Home library Current library Shelving location Date acquired Inventory number Total Checkouts Full call number Barcode Date last seen Price effective from Koha item type
          NON-FICTION AKMAL Melaka AKMAL Melaka PINJAMAN 23.05.2017 602386   666.893 SHI 201704705 23.05.2017 23.05.2017 Book
Pusat Sumber Maklumat Dato' Haji Sarmin Md Hussin, Akademi Kastam Diraja Malaysia, Melaka
Tel: 06-2331106 | Faks: 06-2313787